Feature Finder #2 - Statistics

General Stats
  • This quiz has been taken 7 times
  • The average score is 13 of 20
Answer Stats
Hint Answer % Correct
This Asian country shares its name with a U.S. state Georgia
100%
This empire built Machu Picchu Inca
100%
This city is the only one in the world which spans over two continents Istanbul
100%
The capital city of Albania Tirana
100%
A large French island north of Italy's Sardinia Corsica
75%
The most populous country in the Horn of Africa Ethiopia
75%
The U.S. state where the Mayflower landed in 1620 Massachusetts
75%
The island is where Taipei 101, which previously held the record for World's Tallest Building, is located Taiwan
75%
A medieval city in Mali that once was a major trade center Timbuktu
75%
The driest nonpolar desert in the world Atacama
50%
The country's capital is Baku, a major port city on the Caspian Sea Azerbaijan
50%
The first state to ratify the U.S. Constitution causing it to be the first U.S. state Delaware
50%
This country's largest city is Guayaquil Ecuador
50%
The island in which Haiti and the Dominican Republic are located Hispanola
50%
The longest river in Pakistan Indus
50%
The island where Manilla, the capital of the Philippines is located Luzon
50%
The world's smallest island nation Nauru
50%
The capital of the island nation Dominica Roseau
50%
The western most city on the African mainland Dakar
25%
The Mid-Atlantic Ridge
25%
No matching quizzes found
Score Distribution
Percent of People with Each Score
Percentile by Number Answered
Your Score History
You have not taken this quiz